Statistics for All Overwatch Ultimate Abilities

Click here to take the quiz!

General Stats

  • This quiz has been taken 20 times
  • The average score is 23 of 37

Answer Stats

HeroesUltimate Ability% Correct
AsheB.O.B
100%
AnaNano Boost
95%
DoomfistMeteor Strike
84%
BrigitteRally
84%
TracerPulse Bomb
79%
JunkratRIP-Tire
79%
ReaperDeath Blossom
74%
ReinhardtEarthshatter
74%
SombraEMP
74%
SigmaGravitic Flux
74%
TorbjörnMolten Core
74%
BaptisteAmplification Matrix
68%
CassidyDeadeye
68%
GenjiDragonblade
68%
WinstonPrimal Rage
68%
MoiraCoalescence
63%
PharahBarrage
58%
HanzoDragonstrike
58%
ZaryaGraviton Surge
58%
KirikoKitsune Rush
58%
Wrecking BallMinefield
58%
D.VaSelf-Destruct
58%
LúcioSound Barrier
58%
Soldier: 76Tactical Visor
58%
ZenyattaTranscendence
58%
MercyValkyrie
58%
RoadhogWhole Hog
58%
EchoDuplicate
53%
RamattraAnnihilation
47%
MeiBlizzard
47%
BastionConfiguration: Artillery
47%
WidowmakerInfra-Sight
47%
SojournOverclock
47%
D.VaCall Mech
42%
Junker QueenRampage
42%
OrisaTerra Surge
42%
SymmetraPhoton Barrier
37%

Score Distribution

Percentile by Number Answered

Percent of People with Each Score

Your Score History

You have not taken this quiz